| 000 | 00657nam a2200205Ia 4500 | ||
|---|---|---|---|
| 003 | GCL | ||
| 005 | 20240530102355.0 | ||
| 008 | 140319s9999 xx 000 0 ara d | ||
| 040 |
_aGCL / _cGCL |
||
| 082 | 0 | 4 |
_a327.62/ _bك ش |
| 100 | 1 | _a كوانت، ويليام ب | |
| 245 | 1 | 0 |
_aالشرق الاوسط : _bكامب ديفيد بعد 10 سنوات / _cويليام ب.كوانت |
| 260 |
_a[S.N] : _bمركز الاهرام للترجمة والنشر ، _c1989 |
||
| 300 | _a718 ص | ||
| 650 | 0 | 4 | _aمصر |
| 650 | 0 | 4 | _aالشرق الاوسط |
| 650 | 0 | 4 | _aاسرائيل |
| 650 | 0 | 4 | _aاتفاقيات كامب ديفيد |
| 942 |
_2ddc _cBK |
||
| 999 |
_c31792 _d31792 |
||